| 000 | 00657nam a2200217 a 4500 | ||
|---|---|---|---|
| 001 | BRCA_3518 | ||
| 005 | 20190320204322.0 | ||
| 008 | 260709s1904----mx-#---###---#000-0#spa-# | ||
| 041 | _aspa | ||
| 044 | _amx | ||
| 050 | 4 |
_aF1232 _b.B85 1904 |
|
| 100 | 1 |
_aBulnes, Francisco _d1853-1924. _99126 |
|
| 245 | 1 | 0 |
_aLas grandes mentiras de nuestra historia _bla nación y el ejército en las guerras extranjeras _cpor Francisco Bulnes. |
| 260 |
_aParís : México _bLa Vda. de C. Bouret _c1904 |
||
| 300 |
_a924 p. _c22 cm. |
||
| 440 | 0 |
_aBiblioteca de historia _99142 |
|
| 500 | _aB122 | ||
| 651 | 4 |
_aMéxico _vHistoria. _99143 |
|
| 902 | _aGFM | ||
| 942 |
_2lcc _cB |
||
| 999 |
_c3253 _d3253 |
||